000 00492ntaaa2200193 4500
003 01
005 20251027202048.0
008 0714s1973 ag 01
040 _aAR-BaBN
_bspa
_cAR-BaBN
_eaacr
_dRIC
082 _a252.0000 B78
100 _aBroadus, John A
245 _aFavorite sermons of John A Broadus
250 _a1 ed.
260 _aNew York :
_bHarper and Brothers,
_cc1959
300 _a147 p
650 _asermones
_9362
700 _aStanfield, V. Latrelle
_919232
942 _cBK
999 _c15458
_d15458